Bilingual Learning Environment. [Recurso electrónico]

সংরক্ষণ করুন:
গ্রন্থ-পঞ্জীর বিবরন
প্রধান লেখক: Orozco, Paula Andrea
বিন্যাস: গ্রন্থ
ভাষা:Spanish
প্রকাশিত: Bogotá: Instituto para la Investigación Educativa y el Desarrollo Pedagógico, IDEP, 2011.
বিষয়গুলি:
অনলাইন ব্যবহার করুন:Para acceder al PDF haga clic aquí
ট্যাগগুলো: ট্যাগ যুক্ত করুন
কোনো ট্যাগ নেই, প্রথমজন হিসাবে ট্যাগ করুন!

MARC

LEADER 00000nam a22000007a 4500
003 OSt
005 20181011124425.0
008 170911b2011 ck ||||| |||| 00| 0 spa d
999 |c 5437  |d 5437 
040 |c CNA-IDEP 
082 |a 372.65  |b O74b 
100 1 |9 702  |a Orozco, Paula Andrea 
245 1 0 |a Bilingual Learning Environment. [Recurso electrónico]   |c Paula Andrea Orozco. 
260 |a Bogotá:  |b Instituto para la Investigación Educativa y el Desarrollo Pedagógico, IDEP,  |c 2011. 
300 |a 34 p.:  |b ilustraciones, gráficos; 
504 |a Incluye bibliografía. 
650 0 |9 2500  |a Enseñanza, Aprendizaje 
650 0 |9 3030  |a Bilingüismo  |x Enseñanza 
650 1 0 |9 2203  |a Educación para niños 
856 |u http://biblioteca.idep.edu.co/libros/Bilingüal_Learning_Environment.pdf  |y Para acceder al PDF haga clic aquí  
942 |2 ddc  |c BK